| 000 | 00525nam a22001937a 4500 | ||
|---|---|---|---|
| 003 | OSt | ||
| 005 | 20181002180718.0 | ||
| 008 | 181002b xxu||||| |||| 00| 0 eng d | ||
| 020 | _a9780781765442 | ||
| 040 | _cDNLM | ||
| 082 | _aQV736 R11e 2009 | ||
| 100 |
_aRascati, Karen L. _912697 |
||
| 245 | _aEssentials of Pharmacoeconomics | ||
| 260 | _aPhaladelphia; Wolters kluwer, 2009 | ||
| 300 | _axiv,250p; ill: 26cm | ||
| 504 | _aReferences, glossary, & included | ||
| 650 |
_aPharmacoeconomics _912698 |
||
| 942 |
_2z _cSLOAN |
||
| 999 |
_c6145 _d6145 |
||